<?xml version="1.0" encoding="UTF-8"?>
<record
    xmlns:xsi="http://www.w3.org/2001/XMLSchema-instance"
    xsi:schemaLocation="http://www.loc.gov/MARC21/slim http://www.loc.gov/standards/marcxml/schema/MARC21slim.xsd"
    xmlns="http://www.loc.gov/MARC21/slim">

  <leader>01083cam a2200229 a 4500</leader>
  <controlfield tag="005">20160126175014.0</controlfield>
  <controlfield tag="008">001030s2003    ck a    r    f10010 spa d</controlfield>
  <datafield tag="015" ind1=" " ind2=" ">
    <subfield code="a">ck-1998-xxxx</subfield>
  </datafield>
  <datafield tag="040" ind1=" " ind2=" ">
    <subfield code="a">CO-BOIAvH</subfield>
    <subfield code="c">CO-BOIAvH</subfield>
  </datafield>
  <datafield tag="041" ind1="0" ind2=" ">
    <subfield code="a">spa</subfield>
    <subfield code="a">eng</subfield>
  </datafield>
  <datafield tag="082" ind1="0" ind2="4">
    <subfield code="a">363.7</subfield>
    <subfield code="b">S47m </subfield>
  </datafield>
  <datafield tag="111" ind1="2" ind2=" ">
    <subfield code="a">Seminario internacional del medio ambiente y desarrollo sostenible (</subfield>
    <subfield code="c">Bogot&#xE1;:</subfield>
    <subfield code="d">octubre 8, 9 y 10, 2003)</subfield>
    <subfield code="n">6</subfield>
  </datafield>
  <datafield tag="245" ind1="1" ind2="0">
    <subfield code="a">Memorias del sexto seminario internacional del medio ambiente y desarrollo sostenible (</subfield>
    <subfield code="c">Ministerio del Medio Ambiente, ICFES.</subfield>
  </datafield>
  <datafield tag="260" ind1=" " ind2=" ">
    <subfield code="a">Bogot&#xE1;: </subfield>
    <subfield code="b">Universidad Industrial de Santander, </subfield>
    <subfield code="c">2003.</subfield>
  </datafield>
  <datafield tag="300" ind1=" " ind2=" ">
    <subfield code="a">569 p. ; </subfield>
    <subfield code="c">24 cm.</subfield>
  </datafield>
  <datafield tag="650" ind1=" " ind2="6">
    <subfield code="a">Medio ambiente</subfield>
    <subfield code="z"> Colombia</subfield>
    <subfield code="v"> Congresos, conferencias, etc..</subfield>
  </datafield>
  <datafield tag="650" ind1=" " ind2="6">
    <subfield code="a">Evaluaci&#xFFFD;on del impacto ambiental</subfield>
    <subfield code="y"> Siglo XXI</subfield>
    <subfield code="v"> Congresos, conferencias, etc..</subfield>
  </datafield>
  <datafield tag="650" ind1=" " ind2="6">
    <subfield code="a">Evaluaci&#xFFFD;on del impacto ambiental.</subfield>
  </datafield>
  <datafield tag="650" ind1=" " ind2="6">
    <subfield code="a">Medio ambiente</subfield>
    <subfield code="x"> Aspectos jur&#xFFFD;idicos.</subfield>
  </datafield>
  <datafield tag="710" ind1="1" ind2=" ">
    <subfield code="a">Colombia. </subfield>
    <subfield code="b">Ministerio del Medio Ambiente. </subfield>
    <subfield code="b">Direcci&#xFFFD;on General Ambiental Sectorial.</subfield>
  </datafield>
  <datafield tag="942" ind1=" " ind2=" ">
    <subfield code="2">ddc</subfield>
    <subfield code="c">LIBRO</subfield>
  </datafield>
  <datafield tag="999" ind1=" " ind2=" ">
    <subfield code="c">18029</subfield>
    <subfield code="d">18029</subfield>
  </datafield>
  <datafield tag="952" ind1=" " ind2=" ">
    <subfield code="0">0</subfield>
    <subfield code="1">0</subfield>
    <subfield code="2">ddc</subfield>
    <subfield code="4">0</subfield>
    <subfield code="7">0</subfield>
    <subfield code="8">GENERAL</subfield>
    <subfield code="I">INV2017</subfield>
    <subfield code="a">Bogota</subfield>
    <subfield code="b">Bogota</subfield>
    <subfield code="d">2016-01-26</subfield>
    <subfield code="l">0</subfield>
    <subfield code="o">LB-363.7 S47m</subfield>
    <subfield code="p">042183</subfield>
    <subfield code="r">2016-01-26 00:00:00</subfield>
    <subfield code="t">Ej. 1</subfield>
    <subfield code="w">2016-01-26</subfield>
    <subfield code="x">Donaci&#xF3;n</subfield>
    <subfield code="y">LIBRO</subfield>
  </datafield>
</record>
